000 01080nac a22003011i 4500
003 EG-ScBUE
005 20260512091639.0
008 260512t1991 nyua f 001 0 eng d
020 _a9780071006545
020 _a0071006540
040 _aEG-ScBUE
_beng
_erda
_cEG-ScBUE
_dEG-ScBUE
082 0 4 _a512.13076
_bSCH
_222
100 1 _aSchmidt, Philip A.,
_eauthor.
245 1 0 _a2500 solved problems in college algebra and trigonometry /
_cby Philip Schmidt, State University of New York at New Paltz.
246 3 _aTwo thousand five hundred solved problems in college algebra and trigonometry
264 1 _aNew York :
_bMcGraw-Hill,
_c[1991]
264 _ac1991
300 _av, 373 pages :
_billustrations ;
_c28 cm
336 _2rdacontent
_atext
_btxt
337 _aunmediated
_2rdamedia
_bn
338 _avolume
_bnc
_2rdacarrier
500 _aIncludes index.
500 _aIncludes Appendices.
650 7 _aAlgebra
_xProblems, exercises, etc.
_2BUEsh
650 7 _aTrigonometry
_xProblems, exercises, etc.
_2BUEsh
655 _vReading book
942 _cBB
_2ddc
999 _c9298
_d9298